Jisoo Yoo
Texas A
Categories
Beliefs | 5 | 5 | 1 | 1 | 120 | 56 | 84.10 | 8 | 10 |
Literature - British Literature | 3 | 6 | 0 | 1 | 105 | 54 | 103.22 | 7 | 9 |
Literature - American Literature | 4 | 2 | 1 | 0 | 75 | 40 | 68.17 | 5 | 6 |
Literature - European Literature | 2 | 4 | 2 | 1 | 60 | 17 | 91.67 | 6 | 6 |
World and Other Literature | 1 | 4 | 0 | 1 | 55 | 79 | 117.20 | 4 | 5 |
Philosophy | 1 | 3 | 2 | 1 | 35 | 76 | 104.50 | 2 | 4 |
Fine Arts - Visual Fine Arts | 1 | 2 | 1 | 1 | 30 | 62 | 86.33 | 3 | 3 |
Social Science | 1 | 2 | 1 | 1 | 30 | 55 | 89.33 | 1 | 3 |
Fine Arts - Auditory Fine Arts | 0 | 2 | 0 | 0 | 20 | 117 | 126.50 | 1 | 2 |
Ancient History and Archaeology | 0 | 1 | 0 | 1 | 10 | 138 | 138.00 | 1 | 1 |
Other Arts: Visual | 0 | 1 | 1 | 1 | 5 | 114 | 114.00 | 0 | 1 |